Don Alvaro o la fuerza del sino

সংরক্ষণ করুন:
গ্রন্থ-পঞ্জীর বিবরন
প্রধান লেখক: Rivas, Duque de (Author)
বিন্যাস: গ্রন্থ
ভাষা:স্প্যানিশ
প্রকাশিত: Santiago Zig-Zag 1948
মালা:Biblioteca Zig Zag. Serie Verde, 73-74
বিষয়গুলি:
ট্যাগগুলো: ট্যাগ যুক্ত করুন
কোনো ট্যাগ নেই, প্রথমজন হিসাবে ট্যাগ করুন!

MARC

LEADER 00000nam a2200000 a 4500
001 UCT5711
003 CL-VaPUC
008 961216e19480000CL |||||||||||||||||spa|d
082 0 4 |a 862  |b RIV  |2 21 
100 0 |a Rivas, Duque de  |e author  |9 318968 
245 1 0 |a Don Alvaro o la fuerza del sino 
300 |a 272 p 
942 |c BK 
945 |d 19961216 00:00:00  |a rleighto 
260 |a Santiago  |b Zig-Zag  |c 1948 
650 0 |a Drama español  |9 265098 
583 |a last modification  |c 20160602 17:24:43  |k Rodrigo Vera 
490 0 |a Biblioteca Zig Zag. Serie Verde, 73-74 
999 |c 254584  |d 254582 
952 |0 0  |1 0  |4 0  |6 862_000000000000000_RIV_1948  |7 0  |8 R  |9 276356  |a BIBEDU  |b BIBEDU  |c MCIRC  |d 2019-11-19  |i 3261727  |o 862 RIV 1948  |p 3261727  |r 2023-01-13  |w 2019-11-19  |y BK_R  |k LIT 
952 |0 0  |1 0  |4 0  |6 862_000000000000000_RIV_1948  |7 0  |8 R  |9 276357  |a BIBEDU  |b BIBEDU  |c MCIRC  |d 2019-11-19  |i 3261735  |o 862 RIV 1948  |p 3261735  |r 2023-01-13  |w 2019-11-19  |y BK_R  |k LIT